| 000 | 00601nam a22001697a 4500 | ||
|---|---|---|---|
| 082 | _a620.44 | ||
| 100 | _aPervaiz. Erum | ||
| 245 |
_asynthesis and characterization of cobalt and Nickel Based Spinal Ferrites by Wet Chemical Methods / _cErum Pervaiz |
||
| 260 |
_aIslamabad: _bSCME - NUST, _c2013. |
||
| 300 |
_a211 p.: ill.; _c30cm. |
||
| 650 |
_aPhD-Materials Engineering _9123162 |
||
| 700 |
_aDr. Iftikhar Hussain _919525 |
||
| 856 | _uhttp://10.250.8.41:8080/xmlui/handle/123456789/28065 | ||
| 942 |
_2ddc _cTHE |
||
| 999 |
_c528015 _d528015 |
||